000 01104aab a2200193 i 4500
001 768714001
003 CO-MdFUSB
005 20240422082434.0
008 221010s1995 ag ||||| |||| 00| 0 spa d
040 _bspa
_cCO-MdFUSB
_dCO-MdFUSB
041 _aspa
100 1 _aPadilla, C. René
_eautor
245 1 0 _aLa mayordomía de la creación
_c/ C. René Padilla
300 _aVolumen 14, número 4 (octubre - diciembre, 1995), páginas: 4 -5
_c; 27 cm
520 _aEl punto de partida para la acción cristiana frente a los problemas ambientales es el redescubrimiento del concepto biblico de la mayordomía de la creación: el hombre, que fue hecho "del polvo de la tierra" como parte de la creación, es portador de la imagen de Dios, está llamado a ejercer dominio sobre la creación a la vez que el señorío responsable sobre ella son los dos aspectos inseparables de la vocación que Dios dio al hombre en el Planeta Tierra.
650 7 _9251
_aCreación
773 0 _tIglesia y Misión
_049402
_959642
_gVolumen 14, número 4 (octubre - diciembre, 1995), páginas: 4 - 5
_qPáginas 4
942 _cANA
999 _c52148
_d52148